retrouvez des sportifs - Statistiques

Statistiques générales
  • Ce quiz a été pris 27 fois
  • Le résultat moyen est 5 sur 16
Statistiques - réponses
Par images Réponse % Correct
Michel Platini
100%
Guy Roux
78%
Jeannie Longo
56%
Raymond Poulidor
41%
Bernard thevenet
33%
Ivan Lendl
33%
Eddy Merckx
30%
Eric Tabarly
30%
Guy Drut
30%
Patrice Dominguez
15%
René Arnoux
15%
Gerard Janvion
11%
Greg Lemond
11%
Emerson Fittipaldi
4%
Jean Michel Bayle
4%
Giacomo Agostini
0%
Aucun quiz correspondant
Distribution des résultats
% des personnes avec chaque résultat
Percentile par nombre de réponses
Votre historique - résultats
Vous n’avez pas pris ce quiz